Taber Mons Barcinonensis : observaciones escritas después de la exposición pública de las 'Visiones' del Táber en el claustro de la Catedral / por Juan Rubió y Bellver... ; traducción de D. Enrique Carreras observaciones escritas después de la exposición pública de las 'Visiones' del Táber en el claustro de la Catedral / por Juan Rubió y Bellver... ; traducción de D. Enrique Carreras
MARC
| LEADER | 00000nam a2200000Ia 4500 | ||
|---|---|---|---|
| 001 | 9132 | ||
| 008 | 160829s1927 xx 000 0 cat d | ||
| 080 | |a FOL-1-71 | ||
| 100 | 1 | |a Rubió i Bellver, Joan, |d 1871-1952 |9 22853 | |
| 245 | |a Taber Mons Barcinonensis : |b observaciones escritas después de la exposición pública de las 'Visiones' del Táber en el claustro de la Catedral / por Juan Rubió y Bellver... ; traducción de D. Enrique Carreras | ||
| 260 | |a Barcelona : |b (Imp. Casa Caritat), |c 1927 | ||
| 300 | |a 58 p., [2] f. : |b il. ; |c 32 cm | ||
| 610 | 2 | 0 | |a Catedral de Barcelona |9 54780 |
| 650 | |a Barri Gòtic (Barcelona) |x Projectes |9 22854 | ||
| 650 | 0 | |a Edificis històrics |z Barcelona (Catalunya) |x Conservació i restauració |9 22855 | |
| 700 | |a Carreras, Enrique, tr. |9 22857 | ||
| 901 | |a Arxiu | ||
| 942 | |n 1 | ||
| 952 | |0 0 |1 0 |4 0 |6 FOL171 |7 1 |9 42359 |a Arxiu |b Arxiu |d 2016-12-01 |l 0 |o FOL-1-71 |p 9132 |r 2016-12-01 00:00:00 |w 2016-12-01 |y ARXIU | ||
| 999 | |c 44837 |d 44837 | ||